| 000 | 00502pab a2200181 454500 | ||
|---|---|---|---|
| 008 | 180718b2014 xxu||||| |||| 00| 0 eng d | ||
| 100 | _aConsidine, Mark | ||
| 245 | _aPolicy design as craft: teasing out policy design expertise using a semi-experimental approach | ||
| 260 | _c2014 | ||
| 300 | _ap.209-225. | ||
| 362 | _aSep | ||
| 650 | _aDecision making | ||
| 650 | _aPolicy design | ||
| 700 | _aLewis, Jenny M. | ||
| 700 | _aAlexander, Damon | ||
| 773 | _aPolicy Sciences | ||
| 909 | _a107327 | ||
| 999 |
_c107322 _d107322 |
||